Top ten wrestler nel mondo - Statistics

Statistiche generali
  • Questo quiz è stato fatto 61 volte
  • Il punteggio medio è 5 su 10
Statistiche sulle risposte
Suggerimento Risposta % Corretto
John Cena
98%
Undertaker
78%
Hulk Hogan
69%
The Rock
65%
Triple H
65%
Roman Reigns
57%
Ric Flair
31%
Stone Cold Steve Austin
31%
10° The Great Khali
6%
Shawn Mitchell
0%
Nessun quiz corrispondente trovato
Distribuzione punteggi
Percentuale di utenti per punteggio
Percentile per numero di risposta
I tuoi punteggi nel tempo
Non hai fatto questo quiz